[Event "Sochi-B"]
[Site "Sochi"]
[Date "1989.??.??"]
[Round "?"]
[White "Filipenko, Alexander V"]
[Black "Kramnik, Vladimir"]
[Result "0-1"]
[WhiteElo "2380"]
[BlackElo "2490"]

1.e4 b6 2.d4 Bb7 3.f3 e6 4.Be3 Nf6 5.c4 c5 6.d5 Bd6 7.Nc3 Be5 8.Bd3 exd5
9.cxd5 O-O 10.Nge2 Re8 11.Qd2 a6 12.a4 d6 13.O-O Nbd7 14.Nd1 Rc8 15.Rc1 Nf8
16.f4 Bd4 17.Bxd4 cxd4 18.Nf2 N8d7 19.b4 a5 20.Nxd4 Rxc1 21.Rxc1 axb4 22.Qxb4 Nc5
23.Bb1 Nfxe4 24.Nxe4 Nxe4 25.Nc6 Bxc6 26.Bxe4 Bd7 27.Bf3 Qf6 28.Rd1 g6 29.Qxb6 Bxa4
30.Rf1 Rc8 31.Qe3 Bd7 32.h3 Rc4 33.Be4 Qd4 34.Re1 Qxe3+ 35.Rxe3 Rd4 36.Kf2 Bb5
37.Kg3 Bc4 38.f5 Kg7 39.fxg6 hxg6 40.Bf3 Bxd5  0-1

[Event "Sochi-B"]
[Site "Sochi"]
[Date "1989.??.??"]
[Round "?"]
[White "Ivanov, Jordan"]
[Black "Kramnik, Vladimir"]
[Result "1/2-1/2"]
[WhiteElo "2300"]
[BlackElo "2490"]

1.d4 f5 2.c4 Nf6 3.Nc3 g6 4.f3 c5 5.d5 d6 6.b3 Bg7 7.Bb2 O-O 8.Qd2 Nbd7 9.Nh3 Ne5
10.e3 h6 11.Be2 Bd7 12.Nf2 Qe8  1/2-1/2

[Event "Sochi-B"]
[Site "Sochi"]
[Date "1989.??.??"]
[Round "?"]
[White "Kallai, Gabor"]
[Black "Kramnik, Vladimir"]
[Result "1/2-1/2"]
[WhiteElo "2405"]
[BlackElo "2490"]

1.d4 f5 2.g3 Nf6 3.Bg2 g6 4.Nf3 Bg7 5.O-O O-O 6.b3 d6 7.Bb2 Qe8 8.c4 Na6
9.d5 Bd7 10.Nc3 c5 11.Qd2 h6 12.Rfe1 f4 13.Qxf4 Nxd5 14.Qd2 Nxc3 15.Bxc3 Bxc3
16.Qxc3 Nc7 17.e4 Bc6 18.Qd2 Kh7 19.e5 d5 20.e6 dxc4 21.Ne5 Bxg2 22.Nf7 g5  1/2-1/2

[Event "Sochi-B"]
[Site "Sochi"]
[Date "1989.??.??"]
[Round "?"]
[White "Sorokin, Maxim"]
[Black "Kramnik, Vladimir"]
[Result "1/2-1/2"]
[WhiteElo "2420"]
[BlackElo "2490"]

1.d4 f5 2.g3 Nf6 3.Bg2 g6 4.c3 c6 5.Nd2 d5 6.Nh3 Be6 7.Nf3 Bg7 8.Nf4 Bg8
9.h4 Ne4 10.h5 g5 11.h6 Bf6 12.Nh5 Kf8 13.Be3 Bf7 14.Qb3 Qc7 15.Ng7 e6 16.Ne5 Nd7
17.Bxe4 fxe4 18.Ng4 Be7 19.Qc2 Nf6 20.Nxf6 Bxf6 21.Qd2 Qe7 22.f3 exf3 23.O-O fxe2
24.Qxe2 Bxg7 25.hxg7+ Kxg7 26.Qg4 h6 27.Bf4 Rhf8 28.Be5+ Kh7 29.Rf6 Bg6 30.Rxe6 Qf7
31.Rf6 Qxf6 32.Bxf6 Rxf6 33.Rf1 Rxf1+ 34.Kxf1 Rf8+ 35.Kg1 Bf5 36.Qe2 Be4
37.Qg4 Rf5 38.Qh5 Rf3 39.Qg4 Rf5 40.Qh5 Kg7 41.Qe8 a6 42.Qe7+ Rf7 43.Qe5+ Kh7
44.Qe6 Bg6 45.Qe5 Bf5 46.Qe8 Kg7 47.Qe5+ Kg6 48.Qe8 h5 49.Qg8+ Rg7 50.Qe8+ Kh6
51.Qh8+ Bh7 52.Qf8 Kg6 53.Qd6+  1/2-1/2

[Event "Sochi-B"]
[Site "Sochi"]
[Date "1989.??.??"]
[Round "?"]
[White "Kramnik, Vladimir"]
[Black "Grosar, Aljosa"]
[Result "1/2-1/2"]
[WhiteElo "2490"]
[BlackElo "2385"]

1.e4 c5 2.Nf3 d6 3.d4 cxd4 4.Nxd4 Nf6 5.Nc3 Nc6 6.Be2 e5 7.Nf3 h6 8.O-O Be7
9.Re1 O-O 10.h3 Be6 11.Bf1 Nb8 12.b3 a6 13.a4 Nbd7 14.Bb2 Rc8 15.Nd2 Nc5
16.a5 Qc7 17.Nc4 Ncxe4 18.Nxe4 Nxe4 19.Rxe4 d5 20.Bxe5 Qc6 21.Rd4 dxc4 22.Bxc4 Rfd8
23.Bd3 f6 24.Rxd8+ Rxd8 25.Bb2 Bf5 26.Qe2 Bxd3 27.cxd3 Bb4 28.Qg4 Bd2 29.Qe2 Bb4
30.d4 Rd5 31.Ra4 Bxa5 32.Rc4 Qd7 33.Qc2 Qf5 34.Rc8+ Kh7 35.Qxf5+ Rxf5 36.Bc3 Bxc3
37.Rxc3 Rd5 38.Rd3 Kg6 39.Kf1 Kf5 40.Ke2 Ke4 41.f3+ Kf4 42.Kf2 h5 43.g3+ Kf5
44.Ke3 Ke6 45.h4 Ra5 46.Ke4 g6 47.Rc3 Rb5  1/2-1/2

[Event "Sochi-B"]
[Site "Sochi"]
[Date "1989.??.??"]
[Round "?"]
[White "Kramnik, Vladimir"]
[Black "Podlesnik, Bogdan"]
[Result "1-0"]
[WhiteElo "2490"]
[BlackElo "2400"]

1.e4 c5 2.Nf3 Nc6 3.d4 cxd4 4.Nxd4 Nf6 5.Nc3 e5 6.Ndb5 d6 7.a4 a6 8.Na3 d5
9.exd5 Nd4 10.Be3 Bc5 11.Nc4 Qe7 12.Bd3 O-O 13.O-O Bg4 14.f3 Bh5 15.Kh1 Rad8
16.Bg5 b5 17.axb5 axb5 18.Nd2 b4 19.Nce4 Rxd5 20.Nxc5 Qxc5 21.Bxf6 gxf6 22.Ne4 Qe7
23.Ra7 Qxa7 24.Nxf6+ Kg7 25.Nxd5 Qc5 26.Ne3 Bg6 27.Qe1 f5 28.Qf2 Ne6 29.Qe1 Qd4
30.b3 Nf4 31.Bc4 Re8 32.Qf2 Rd8 33.h3 Qd2 34.Qh4 Re8 35.Rd1 Nxg2 36.Nxf5+ Bxf5
37.Qg3+  1-0

[Event "RSFSR-ch"]
[Site "Kuibishev"]
[Date "1990.??.??"]
[Round "?"]
[White "Obukhov, Alexander"]
[Black "Kramnik, Vladimir"]
[Result "1/2-1/2"]
[WhiteElo "2225"]
[BlackElo "2450"]

1.d4 d6 2.g3 f5 3.Bg2 Nf6 4.Nf3 g6 5.b3 Bg7 6.Bb2 O-O 7.O-O Qe8 8.c4 Na6
9.Nbd2 Rb8 10.Re1 b5 11.Bc3 bxc4 12.bxc4 Bb7 13.Rb1 e6 14.e3 Ne4 15.Nxe4 Bxe4
16.Rxb8 Nxb8 17.Bf1 Ba8 18.Nd2 c5 19.Bg2 Bxg2 20.Kxg2 Qc6+ 21.Kg1 Nd7 22.Qb3 Nb6
23.Rc1 Rb8 24.Qa3 Qa4 25.Qxa4 Nxa4 26.Ba1 Kf7 27.Kf1 Ke8 28.Ke2 Kd7 29.Kd3 Rb4
30.Nb3 e5 31.f3 Kc6 32.g4 Nb6 33.gxf5 gxf5 34.dxc5 dxc5 35.e4 fxe4+ 36.fxe4 Bh6
37.Rc2 Bf4 38.Bc3 Ra4 39.Bd2 Nd7 40.Be3 Kd6 41.Rd2 Ke6  1/2-1/2

[Event "RSFSR-ch"]
[Site "Kuibishev"]
[Date "1990.??.??"]
[Round "?"]
[White "Shabanov, Yuri"]
[Black "Kramnik, Vladimir"]
[Result "0-1"]
[WhiteElo "2375"]
[BlackElo "2450"]

1.e4 c5 2.Nf3 Nc6 3.Bb5 e6 4.Nc3 Nge7 5.O-O Nd4 6.Re1 Ng6 7.Bf1 Nxf3+ 8.Qxf3 b6
9.Qe3 f6 10.d4 cxd4 11.Qxd4 Bc5 12.Qd2 O-O 13.Nb5 Qe7 14.a3 a6 15.Nd4 Bb7
16.b4 Bd6 17.Bb2 Bf4 18.Qd3 Rac8 19.Rad1 Bb8 20.Nf3 d5 21.exd5 Bxd5 22.Nd4 b5
23.Bc1 f5 24.Qh3 Qf6 25.Qh5 Nf4 26.Bxf4 Bxf4 27.Qe2 Rfe8 28.Nb3 Bd6 29.Na5 Re7
30.Qd2 Rc3 31.Re3 Rec7 32.Rxc3 Rxc3 33.Nb7 Be7 34.Nc5 Bxc5 35.bxc5 Rxc5 36.Qa5 Rc6
37.a4 bxa4 38.c4 Bxc4 39.Qxa4 Bd5 40.Bxa6 Qg6 41.Bf1 Rc8 42.Qd7 Rf8 43.Rc1 h6
44.Rc8 Qf6 45.Rxf8+ Kxf8 46.Qa7 Kg8 47.Qa4 Qc3 48.h4 Kh7 49.Qe8 Qf6 50.Qa4 e5
51.g3 Qb6 52.Bd3 e4 53.Bc2 Qc5 54.Qd7 Bc6 55.Qd2 Qc4 56.Qd1 Qc3 57.Qe2 Bd5
58.Qd1 Bc4 59.Bb1 Bb3 60.Qe2 Qc1+ 61.Qf1 Qb2 62.Kg2 h5 63.Qe1 Kg6 64.Kg1 Kf6
65.Qf1 g6 66.Qe1 Kf7 67.Kg2 e3 68.Bd3 Bd5+ 69.Kg1 Qd4 70.Bc2 Qc4 71.Bd1 Qe4
72.f3 Qd4 73.Be2 Qe5 74.Kg2 f4 75.gxf4 Qf5 76.Qa5 Bxf3+  0-1

[Event "RSFSR-ch"]
[Site "Kuibishev"]
[Date "1990.??.??"]
[Round "?"]
[White "Tunik, Gennady"]
[Black "Kramnik, Vladimir"]
[Result "1/2-1/2"]
[WhiteElo "2475"]
[BlackElo "2450"]

1.d4 e6 2.Nf3 f5 3.g3 Nf6 4.Bg2 d5 5.O-O Bd6 6.c4 c6 7.b3 Qe7 8.Qc2 O-O 9.a4 a5
10.c5 Bc7 11.Nbd2 Ne4 12.Bb2 Nd7 13.Rac1 e5 14.Nxe5 Nxe5 15.dxe5 Bxe5 16.Bxe5 Qxe5
17.e3 Qe7 18.Rfe1 Be6 19.Nf3 h5 20.Nd4 Bd7 21.f3 Ng5 22.h4 Nh7 23.f4 Qe8
24.Nf3 Nf6 25.Ne5 Be6 26.Qb2 Nd7 27.Nxd7 Bxd7 28.b4 axb4 29.Qxb4 Qe7 30.a5 Ra7
31.Ra1 Rfa8 32.Ra3 b5 33.axb6 Rxa3 34.b7 Qe8  1/2-1/2

[Event "RSFSR-ch"]
[Site "Kuibishev"]
[Date "1990.??.??"]
[Round "?"]
[White "Kramnik, Vladimir"]
[Black "Doroshkievich, Vladimir K"]
[Result "1/2-1/2"]
[WhiteElo "2450"]
[BlackElo "2360"]

1.d4 d5 2.c4 e6 3.Nc3 Be7 4.cxd5 exd5 5.Bf4 Nf6 6.e3 O-O 7.Bd3 c6 8.Nf3 Re8
9.Qc2 Nbd7 10.h3 Nf8 11.O-O-O Ng6 12.Be5 Bd6 13.Bxd6 Qxd6 14.g4 Be6 15.g5 Nd7
16.Rdg1 c5 17.h4 c4  1/2-1/2

[Event "RSFSR-ch"]
[Site "Kuibishev"]
[Date "1990.??.??"]
[Round "?"]
[White "Kramnik, Vladimir"]
[Black "Meister, Yakov"]
[Result "1-0"]
[WhiteElo "2450"]
[BlackElo "2415"]

1.e4 e5 2.Nf3 Nc6 3.Bc4 Nf6 4.d3 Be7 5.O-O O-O 6.Bb3 d6 7.c3 Nd7 8.Be3 Nc5
9.Bxc5 dxc5 10.Bd5 Bd6 11.Bxc6 bxc6 12.Nbd2 Ba6 13.Qc2 Re8 14.Rad1 Re6 15.Rfe1 Rg6
16.Nf1 Bc8 17.Ng3 Bg4 18.Re3 h5 19.h3 Bxh3 20.gxh3 h4 21.Kh2 hxg3+ 22.fxg3 Rh6
23.Rf1 Rb8 24.Kg2 Qd7 25.h4 Qe6 26.b3 Be7 27.Qe2 Rd8 28.Nh2 Rg6 29.Qh5 Rh6
30.Qe2 Rg6 31.h5 Rf6 32.Rh1 Rh6 33.Qg4 Qxg4 34.Nxg4 Re6 35.Rf3 Bg5 36.Rd1 f6
37.Nf2 Kf7 38.Nh3 Bh6 39.Kf1 Red6 40.Ke2 Ke6 41.g4 Kd7 42.Rf5 Re8 43.g5 Bxg5
44.Nxg5 fxg5 45.Rg1 Re7 46.Rgxg5 Rde6 47.Rf8 Rh6 48.Rg8 Kd6 49.Kf3 Rf7+ 50.Kg4 Rf4+
51.Kg3 Rf7 52.Rg6+ Rxg6+ 53.hxg6 Rf1 54.Rxg7 Rd1 55.Kg4 Rg1+ 56.Kf3 a5 57.Rg8 Ke6
58.Kf2 Rc1 59.Rf8  1-0

[Event "RSFSR-ch"]
[Site "Kuibishev"]
[Date "1990.??.??"]
[Round "?"]
[White "Kramnik, Vladimir"]
[Black "Voitsekhovsky, Stanislav"]
[Result "1/2-1/2"]
[WhiteElo "2450"]
[BlackElo "2335"]

1.d4 d5 2.c4 c6 3.Nf3 Nf6 4.Nc3 a6 5.e3 b5 6.b3 Bg4 7.Bd3 e6 8.O-O Be7 9.h3 Bh5
10.Ne2 Bg6 11.Nf4 Bxd3 12.Nxd3 Nbd7 13.Bd2 O-O 14.Rc1 Rc8 15.Qe2 c5 16.dxc5 bxc4
17.bxc4 Nxc5 18.Nxc5 Rxc5 19.Bb4 Rxc4 20.Rxc4 dxc4 21.Bxe7 Qxe7 22.Qxc4 Qb7
23.Rc1 h6 24.Nd4 Rd8 25.Qb3 Qxb3 26.Nxb3 Nd5 27.Rc4 Rb8  1/2-1/2

[Event "Wch U18"]
[Site "Singapore"]
[Date "1990.??.??"]
[Round "?"]
[White "Nielsen, Peter Heine"]
[Black "Kramnik, Vladimir"]
[Result "1/2-1/2"]
[WhiteElo "2280"]
[BlackElo "2490"]

1.d4 f5 2.g3 Nf6 3.Bg2 g6 4.Nf3 Bg7 5.O-O O-O 6.c4 d6 7.Nc3 Qe8 8.d5 Na6
9.Nd4 Bd7 10.Rb1 c6 11.b3 Nc7 12.Bb2 c5 13.Nc2 b5 14.cxb5 Nxb5 15.Nxb5 Bxb5
16.Na3 Bd7 17.Nc4 g5 18.e3 f4 19.e4  1/2-1/2

[Event "Wch U18"]
[Site "Singapore"]
[Date "1990.??.??"]
[Round "?"]
[White "Kramnik, Vladimir"]
[Black "Santos, Carlos P"]
[Result "1-0"]
[WhiteElo "2490"]
[BlackElo "2285"]

1.e4 e6 2.d4 d5 3.Nd2 c5 4.exd5 Qxd5 5.Ngf3 cxd4 6.Bc4 Qd6 7.O-O Nf6 8.Nb3 Nc6
9.Nbxd4 Nxd4 10.Qxd4 Qxd4 11.Nxd4 a6 12.Be2 Be7 13.Bf4 Nd5 14.Bg3 Bf6 15.Rad1 Bd7
16.c3 Rc8 17.Bf3 O-O 18.Rfe1 Bxd4 19.Rxd4 Bc6 20.Red1 Nf6 21.Bxc6 Rxc6 22.Kf1 h6
23.Ke2 Rfc8 24.Rd8+ Rxd8 25.Rxd8+ Kh7 26.Kd3 Kg6 27.a4 b5 28.a5 Kf5 29.Rd6 Rxd6+
30.Bxd6 e5 31.c4 bxc4+ 32.Kxc4 Ke6 33.Bf8 g6 34.b4 Nd7 35.Bxh6 Kd6 36.b5  1-0

[Event "Wch U18"]
[Site "Singapore"]
[Date "1990.??.??"]
[Round "?"]
[White "Kramnik, Vladimir"]
[Black "Tong Yuanming"]
[Result "1/2-1/2"]
[WhiteElo "2490"]
[BlackElo "2360"]

1.c4 e6 2.Nc3 Nf6 3.e4 d5 4.e5 d4 5.exf6 dxc3 6.bxc3 Qxf6 7.Nf3 c5 8.d4 h6
9.Bd3 Nc6 10.Bb2 Bd6 11.O-O O-O 12.Qe2 e5 13.Rae1 Re8 14.Qe4 g6 15.Qe3 Bf5
16.Bxf5 gxf5 17.dxe5 Nxe5 18.Nxe5  1/2-1/2

[Event "Wch U18"]
[Site "Singapore"]
[Date "1990.??.??"]
[Round "?"]
[White "Markovic, Ivan"]
[Black "Kramnik, Vladimir"]
[Result "1/2-1/2"]
[WhiteElo "2395"]
[BlackElo "2490"]

1.e4 c5 2.Nf3 Nc6 3.d4 cxd4 4.Nxd4 Nf6 5.Nc3 e5 6.Ndb5 d6 7.Bg5 a6 8.Na3 b5
9.Bxf6 gxf6 10.Nd5 Bg7 11.Bd3 Ne7 12.Nxe7 Qxe7 13.c4 f5 14.O-O O-O 15.Qh5 Rb8
16.exf5 e4 17.Rae1 Bb7 18.f3 d5 19.fxe4 dxe4 20.Kh1 Bxb2 21.Nc2 Kh8 22.cxb5 Rg8
23.Be2 axb5  1/2-1/2

[Event "Wch U18"]
[Site "Singapore"]
[Date "1990.??.??"]
[Round "?"]
[White "Jones, Lee"]
[Black "Kramnik, Vladimir"]
[Result "0-1"]
[WhiteElo "2210"]
[BlackElo "2490"]

1.d4 f5 2.Nc3 d5 3.Bg5 g6 4.e3 Bg7 5.Bd3 Nf6 6.f3 Nc6 7.Bf4 Nh5 8.Bg5 Nf6
9.Bf4 a6 10.Nh3 Be6 11.Qd2 h6 12.g4 Qd7 13.Nf2 O-O-O 14.O-O-O Na7 15.h3 g5
16.Bg3 Kb8 17.Be2 fxg4 18.hxg4 h5 19.Nd3 hxg4 20.Ne5 Qe8 21.fxg4 Nc6 22.a3 Nxe5
23.Bxe5 Qd7 24.Qd3 Rhg8 25.e4 dxe4 26.Qg3 Bxg4 27.Bxg4 Nxg4 28.Bxg7 Rxg7
29.Nxe4 Nf6 30.Nc5 Qd5 31.Rhe1 Rd6 32.Re5 Qg8 33.Rde1 Qc4 34.Rxg5 Rxg5 35.Qxg5 Qxd4
36.Nd3 Rd7 37.Rh1 Ka7 38.Rh4 Qd5 39.Qg1+ b6 40.Qe3 Qa2 41.Rh8 Qa1+ 42.Kd2 Qxb2
43.Rf8 Qxa3 44.Qf3 Qa5+ 45.Ke2 Qd5  0-1

[Event "Wch U18"]
[Site "Singapore"]
[Date "1990.??.??"]
[Round "?"]
[White "Reinderman, Dimitri"]
[Black "Kramnik, Vladimir"]
[Result "1/2-1/2"]
[WhiteElo "2225"]
[BlackElo "2490"]

1.e4 c5 2.Nf3 Nc6 3.d4 cxd4 4.Nxd4 Nf6 5.Nc3 e5 6.Ndb5 d6 7.Bg5 a6 8.Bxf6 gxf6
9.Na3 b5 10.Nd5 Bg7 11.c3 Ne7 12.Nc2 f5 13.exf5 Bxf5 14.Nce3 Be6 15.g3 Nxd5
16.Nxd5 O-O 17.Bg2 a5 18.O-O Rb8 19.Qh5 Qd7 20.Qh4 f5  1/2-1/2

[Event "URS-ch U20"]
[Site "Sochi"]
[Date "1990.??.??"]
[Round "?"]
[White "Kramnik, Vladimir"]
[Black "Sakaev, Konstantin"]
[Result "1/2-1/2"]
[WhiteElo "2490"]
[BlackElo "2370"]

1.e4 c5 2.Nf3 d6 3.d4 cxd4 4.Nxd4 Nf6 5.Nc3 e6 6.Be2 Be7 7.O-O O-O 8.Be3 a6
9.a4 Nc6 10.f4 Qc7 11.Kh1 Bd7 12.Nb3 b6 13.Bf3 Rfd8 14.Qe2 Be8 15.Bf2 Nd7
16.Nd4  1/2-1/2

[Event "URS-ch U20"]
[Site "Sochi"]
[Date "1990.??.??"]
[Round "?"]
[White "Maljutin, Evgeni"]
[Black "Kramnik, Vladimir"]
[Result "1/2-1/2"]
[WhiteElo "2340"]
[BlackElo "2490"]

1.e4 b6 2.d4 Bb7 3.Nc3 e6 4.Nf3 Bb4 5.Bd3 Nf6 6.Bg5 h6 7.Bxf6 Qxf6 8.O-O Bxc3
9.bxc3 d6 10.Nd2 e5 11.f4 Qe7 12.fxe5 dxe5 13.Bb5+ c6 14.Bc4 O-O 15.Rf5 Nd7
16.Qh5 b5 17.Bb3 c5 18.dxc5 Nf6 19.Qf3 Bc8 20.Rxf6 Qxf6 21.Qxf6 gxf6 22.Bd5 Rb8
23.Rf1 Kg7 24.Nb3 Be6 25.c6 Rbd8 26.Rd1 f5 27.Rd3 fxe4 28.Rg3+ Kf6 29.Bxe4 Bd5
30.c7 Bxe4 31.cxd8=Q+ Rxd8 32.Rh3 Bxc2 33.Rxh6+ Bg6 34.Rh3 Rd6 35.Re3 Bb1
36.Re2 Rc6 37.Rb2 Bg6 38.Na5 Rxc3 39.Rxb5 Rc1+ 40.Kf2 Rc2+ 41.Kf3 Rxa2 42.Nc6 e4+
43.Kg3 Ra3+ 44.Kf4 e3 45.Rb2 Bd3 46.Ne5 Bf5 47.Ng4+ Bxg4 48.Kxg4 Ke5 49.Kf3 Kd4
50.Rb7 f5 51.g3 a5 52.Rd7+ Kc5 53.Re7 Kd4 54.Rd7+ Ke5 55.Re7+ Kd4  1/2-1/2

[Event "URS-ch U20"]
[Site "Sochi"]
[Date "1990.??.??"]
[Round "?"]
[White "Frolov, Artur"]
[Black "Kramnik, Vladimir"]
[Result "1/2-1/2"]
[WhiteElo "2475"]
[BlackElo "2490"]

1.e4 c5 2.Nf3 Nc6 3.d4 cxd4 4.Nxd4 Nf6 5.Nc3 e5 6.Ndb5 d6 7.Bg5 a6 8.Na3 b5
9.Nd5 Be7 10.Bxf6 Bxf6 11.c4 b4 12.Nc2 a5 13.Be2 O-O 14.O-O Bg5 15.Bg4 Bb7
16.Qd3 Ne7 17.Nxe7+ Qxe7 18.b3 Bc6 19.Rfe1 Qb7 20.Bf3 Qb6 21.Rad1 Rfd8 22.Ne3 a4
23.Nd5 Qc5 24.Be2 axb3 25.axb3 Rd7 26.Qg3 Bd8 27.Rd3 Rda7 28.Red1 Ra1 29.Kf1 h6
30.h4 Bb7 31.Ke1 R8a2 32.Rxa1 Rxa1+ 33.Bd1 h5 34.Qf3 g6  1/2-1/2

[Event "Groningen op"]
[Site "Groningen"]
[Date "1991.??.??"]
[Round "3"]
[White "Fette, Martin"]
[Black "Kramnik, Vladimir"]
[Result "1/2-1/2"]
[WhiteElo "2380"]
[BlackElo "2490"]

1.e4 c5 2.Nf3 Nc6 3.Bb5 e6 4.Nc3 Nge7 5.O-O Nd4 6.Nxd4 cxd4 7.Ne2 a6 8.Bd3 d5
9.e5 Nc6 10.f4 g5 11.c3 Bg7 12.cxd4 Nxd4 13.b3 gxf4 14.Bb2 Nxe2+ 15.Qxe2 Qg5
16.Rac1 Bd7 17.Qf2 Bh6 18.Ba3 Bc6 19.Qd4 Rc8 20.Rf2 Kd7 21.Bd6 f5 22.Rd1 Ke8
23.Qa7 Qd8 24.Be2 Ra8 25.Qd4  1/2-1/2

[Event "Groningen op"]
[Site "Groningen"]
[Date "1991.??.??"]
[Round "6"]
[White "Kramnik, Vladimir"]
[Black "Nijboer, Friso"]
[Result "1/2-1/2"]
[WhiteElo "2490"]
[BlackElo "2465"]

1.d4 Nf6 2.c4 g6 3.Nc3 Bg7 4.e4 d6 5.f3 O-O 6.Be3 a6 7.Qd2 Nbd7 8.Nge2 c6
9.g4 e5 10.d5 cxd5 11.cxd5 h5 12.h3 b5 13.Bg5 Qa5 14.Ng3 Nh7 15.gxh5 Nxg5
16.Qxg5 Bf6 17.Qh6 Bg7 18.Qg5 Bf6 19.Qh6 Bg7  1/2-1/2

[Event "Groningen op"]
[Site "Groningen"]
[Date "1991.??.??"]
[Round "8"]
[White "Kramnik, Vladimir"]
[Black "Zagema, Wieb"]
[Result "1-0"]
[WhiteElo "2490"]
[BlackElo "2370"]

1.c4 e6 2.Nc3 d5 3.d4 c5 4.cxd5 exd5 5.Nf3 Nc6 6.g3 Nf6 7.Bg2 Be7 8.O-O O-O
9.dxc5 Bxc5 10.Bg5 d4 11.Ne4 Be7 12.Bxf6 Bxf6 13.Rc1 Re8 14.Ne1 Be7 15.Nd3 Rb8
16.Nec5 Bd6 17.Nxb7 Bxb7 18.Bxc6 Re6 19.Bxb7 Rxb7 20.Rc4 Rd7 21.Qc2 Rc7 22.Rxc7 Bxc7
23.Rc1 Re7 24.Nb4 Rd7 25.Nc6 Qg5 26.Nxd4 Bb6 27.Nf3 Qe7 28.Kg2 g6 29.Rd1 Rc7
30.Qd3 Qb4 31.Rd2 Rc8 32.Rc2 Rd8 33.Qc4 Qa5 34.b4 Qf5 35.a4 Rd7 36.Qc8+ Kg7
37.a5 Bd8 38.Rc5 Qe6 39.Ne5 Rd6 40.Qxe6 Rxe6 41.Nc6 Bf6 42.e3 a6 43.b5 axb5
44.a6  1-0

[Event "URS-ch U26"]
[Site "Kherson"]
[Date "1991.??.??"]
[Round "?"]
[White "Komarov, Dimitri"]
[Black "Kramnik, Vladimir"]
[Result "1-0"]
[WhiteElo "2475"]
[BlackElo "2480"]

1.d4 d5 2.Nf3 Nf6 3.c4 c6 4.Nc3 e6 5.Bg5 h6 6.Bxf6 Qxf6 7.g3 Nd7 8.Bg2 Qd8
9.O-O Be7 10.e4 dxe4 11.Nxe4 O-O 12.c5 b6 13.Qc2 Qc7 14.Rac1 Bb7 15.Rfe1 Rad8
16.b4 Nf6 17.Nxf6+ Bxf6 18.Qc3 Rd7 19.Ne5 Bxe5 20.dxe5 Rfd8 21.Qa3 b5 22.Qf3 a5
23.a3 Rd3 24.Re3 R3d4 25.Rb1 R8d7 26.h4 Qd8 27.Bf1 R7d5 28.Rbb3 Qc7 29.Qh5 Qd8
30.Bg2 Rd1+ 31.Kh2 Rd7 32.Re4 R1d4 33.Rbe3 Rxe4 34.Rxe4 axb4 35.axb4 Rd4
36.Qg4 Rxe4 37.Qxe4 Qd2 38.f4 g6 39.h5 Kg7 40.hxg6 fxg6 41.Qf3 h5 42.Qa3 Qd7
43.Qa7 Qc7 44.Kh3 Kh6 45.Qa2 Qd7 46.Be4 Qd4 47.Qb1 Qf2 48.Bxg6 Qe2 49.Be4 Qg4+
50.Kh2 h4 51.Qd3 Qxg3+ 52.Qxg3 hxg3+ 53.Kxg3 Kg7 54.Kg4 Kf7 55.Kg5 Ke7 56.Kg6 Ba8
57.Bf3 Bb7 58.Bg2 Ba8 59.Bh3  1-0

[Event "URS-ch U26"]
[Site "Kherson"]
[Date "1991.??.??"]
[Round "?"]
[White "Kramnik, Vladimir"]
[Black "Galdunts, Sergey"]
[Result "1-0"]
[WhiteElo "2480"]
[BlackElo "2470"]

1.e4 e5 2.Nf3 Nc6 3.Bc4 Bc5 4.c3 Nf6 5.d3 a6 6.Bb3 Ba7 7.h3 h6 8.Nbd2 O-O
9.Nf1 d5 10.Qe2 Be6 11.Ng3 Na5 12.Bc2 dxe4 13.dxe4 Bc4 14.Qd1 Qxd1+ 15.Bxd1 Bd3
16.Nxe5 Bxe4 17.O-O Rfe8 18.Nf3 Nc4 19.Be2 Bd5 20.Rd1 b5 21.Kf1 Rad8 22.Nd4 c5
23.Ndf5 Bb8 24.b3 Nd6 25.Be3 Nfe4 26.Rac1 Nxf5 27.Nxf5 b4 28.cxb4 cxb4 29.Bb6 Rd7
30.Bg4 Rb7 31.Bd4 Be5 32.Ne3 Bxd4 33.Rxd4  1-0

[Event "URS-ch U26"]
[Site "Kherson"]
[Date "1991.??.??"]
[Round "?"]
[White "Kramnik, Vladimir"]
[Black "Serper, Grigory"]
[Result "1/2-1/2"]
[WhiteElo "2480"]
[BlackElo "2490"]

1.d4 Nf6 2.c4 e6 3.Nc3 Bb4 4.Qc2 c5 5.dxc5 O-O 6.a3 Bxc5 7.Nf3 b6 8.Bf4 Nc6
9.Rd1 Bb7 10.e4 Ng4 11.Bg3 f6 12.Nb5 Nge5 13.Nxe5 fxe5 14.b4 a6 15.Nc3 Be7
16.Qb2 Rf7  1/2-1/2

[Event "URS-ch U26"]
[Site "Kherson"]
[Date "1991.??.??"]
[Round "?"]
[White "Minasian, Artashes"]
[Black "Kramnik, Vladimir"]
[Result "0-1"]
[WhiteElo "2495"]
[BlackElo "2480"]

1.e4 e6 2.d4 d5 3.Nc3 Nf6 4.Bg5 dxe4 5.Nxe4 Be7 6.Bxf6 gxf6 7.Bc4 c6 8.Nf3 Nd7
9.Qe2 Qc7 10.Bb3 b6 11.O-O Bb7 12.c4 O-O-O 13.a4 f5 14.Ng3 Bd6 15.a5 h5 16.axb6 axb6
17.c5 bxc5 18.Rfc1 h4 19.Nf1 Rhg8 20.Bc4 cxd4 21.Ba6 Nb8 22.Bxb7+ Qxb7 23.Nxh4 d3
24.Qe3 Rg4 25.Nf3 Bf4 26.Qc5 Bxc1 27.Qxc1 Rb4 28.Ra2 Qb5 29.N3d2 Ra4 30.Rxa4 Qxa4
31.b3 Qb4 32.Ne3 Kb7 33.Nec4 Nd7 34.h4 f6 35.Qa1 Ne5 36.Nxe5 fxe5 37.Qb2 Qxh4
38.Qxe5 Qe7 39.Qc3 Rd5 40.Nc4 Kc7 41.Ne3 Qc5 42.Nxd5+ Qxd5 43.Qg7+ Qd7 44.Qa1 d2
45.Qd1 Qd3 46.f3 e5 47.g4  0-1

[Event "URS-ch U26"]
[Site "Kherson"]
[Date "1991.??.??"]
[Round "?"]
[White "Sakaev, Konstantin"]
[Black "Kramnik, Vladimir"]
[Result "1/2-1/2"]
[WhiteElo "2450"]
[BlackElo "2480"]

1.d4 e6 2.e4 d5 3.Nc3 Nf6 4.e5 Nfd7 5.f4 c5 6.Nf3 Nc6 7.Be3 cxd4 8.Nxd4 Bc5
9.Qd2 Bxd4 10.Bxd4 Nxd4 11.Qxd4 Qb6 12.Qxb6 Nxb6 13.a4 Bd7 14.a5 Nc8 15.Bd3 Ne7
16.O-O  1/2-1/2

[Event "URS-JUG U20"]
[Site "Leningrad"]
[Date "1991.??.??"]
[Round "?"]
[White "Savicevic, Vlatko"]
[Black "Kramnik, Vladimir"]
[Result "0-1"]
[WhiteElo "2305"]
[BlackElo "2480"]

1.e4 c5 2.Nf3 Nc6 3.d3 e6 4.g3 g6 5.d4 cxd4 6.Nxd4 a6 7.Nxc6 bxc6 8.Qd4 Nf6
9.Bg2 Bg7 10.O-O d5 11.exd5 cxd5 12.Qc5 Bb7 13.Qb4 Qe7 14.Bd2 Ne4 15.Qxe7+ Kxe7
16.Bb4+ Kd7 17.Ba3 Nd6 18.c3 Rhc8 19.Bxd6 Kxd6 20.Nd2 a5 21.a4 Ba6 22.Rfd1 Rab8
23.Ra2 Rc7 24.Bf1 Bxf1 25.Nxf1 e5 26.Ne3 d4 27.Nc2 Ke6 28.Na3 Rb3 29.Nb5 Rc4
30.Kf1 Kd5 31.Ke2 e4 32.cxd4 Rc2+ 33.Rd2 Rxd2+ 34.Kxd2 Bxd4 35.Nxd4 Kxd4
36.Ke2 f5 37.Kd2 g5 38.Ke2 f4 39.Kd2 h5 40.Ke2 f3+ 41.Kd2 e3+ 42.fxe3+ Rxe3  0-1

[Event "URS-JUG U20"]
[Site "Leningrad"]
[Date "1991.??.??"]
[Round "?"]
[White "Mitkov, Nikola"]
[Black "Kramnik, Vladimir"]
[Result "1/2-1/2"]
[WhiteElo "2370"]
[BlackElo "2480"]

1.e4 e6 2.d4 d5 3.Nc3 Nf6 4.e5 Nfd7 5.f4 c5 6.Nf3 Nc6 7.Be3 cxd4 8.Nxd4 Bc5
9.Qd2 a6 10.O-O-O Bxd4 11.Bxd4 b5 12.Bg1 Qa5 13.Kb1 b4 14.Ne2 Nc5 15.Qe3 Ne4
16.Nc1 Ne7 17.Nb3 Qc7 18.Bd3 Bb7 19.Qb6 Qxb6 20.Bxb6 Nc8 21.Bd4 a5 22.Rhe1 Bc6
23.Bg1 Ne7 24.Nd4 Bd7 25.Nb5 O-O 26.Nc7 Rac8 27.Nxd5 exd5 28.Bxe4 Bg4 29.Bf3 Bxf3
30.gxf3 Rc6 31.f5 Rd8 32.f6 Nf5 33.fxg7 Kxg7 34.Re2 d4 35.Rg2+ Rg6 36.Rxg6+ Kxg6
37.f4 Rd5 38.Kc1 f6 39.exf6 Kxf6 40.Rd3 Rd7 41.c3 bxc3 42.bxc3 Rc7 43.Kc2 dxc3
44.Rxc3 Re7 45.Rc6+ Kf7 46.Rc5 Kg6 47.Rxa5 Re1 48.Bb6 Re2+ 49.Kd3 Rxh2 50.a4 Ra2
51.Ra8 Ne7 52.Ke4 Re2+ 53.Kf3 Ra2 54.a5 Ra3+ 55.Ke4 Ra4+ 56.Ke5 Nc6+ 57.Kd5 Nxa5
58.Bc7 h5 59.Rg8+ Kf7 60.Rg5 Nc4 61.Rxh5 Ne3+ 62.Ke5 Rb4 63.Rh3 Rb5+ 64.Ke4 Ng4
65.Ra3 Nf6+ 66.Kd4 Rb4+ 67.Kc5 Rb1  1/2-1/2

[Event "URS-JUG U20"]
[Site "Leningrad"]
[Date "1991.??.??"]
[Round "?"]
[White "Kramnik, Vladimir"]
[Black "Saric, Igor"]
[Result "1-0"]
[WhiteElo "2480"]
[BlackElo "2270"]

1.e4 e6 2.d4 d5 3.Nd2 Nf6 4.e5 Nfd7 5.Bd3 c5 6.c3 Nc6 7.Ne2 cxd4 8.cxd4 f6
9.exf6 Nxf6 10.O-O Bd6 11.Nf3 Qc7 12.Bg5 O-O 13.Bh4 Nh5 14.Qc2 h6 15.Bg6 Nf4
16.Nxf4 Bxf4 17.Rfe1 Bd7 18.Rad1 Rac8 19.Qe2 Bd6 20.Bg3 Bxg3 21.hxg3 Rf6
22.Bb1 Be8 23.Nh2 Kf8 24.Qe3 Bh5 25.g4 Bf7 26.g3 g5 27.Nf3 Qb6 28.Ne5 Be8
29.b3 Nxe5 30.Qxe5 Kg7 31.f4 gxf4 32.gxf4 Qc7 33.f5 Bd7 34.Re3 Kf7 35.Rde1 Qc6
36.fxe6+ Bxe6 37.Qxf6+  1-0

[Event "URS-JUG U20"]
[Site "Leningrad"]
[Date "1991.??.??"]
[Round "?"]
[White "Kramnik, Vladimir"]
[Black "Popov, Sinisa"]
[Result "1-0"]
[WhiteElo "2480"]
[BlackElo "2305"]

1.d4 c5 2.d5 e5 3.e4 d6 4.Nf3 g6 5.Be2 Bg7 6.c4 Ne7 7.Nc3 O-O 8.h4 Bg4 9.Be3 Nd7
10.Qc2 Nf6 11.Nh2 Bxe2 12.Qxe2 Nh5 13.g3 a6 14.a4 b6 15.Nf3 Qd7 16.Rg1 Rae8
17.O-O-O h6 18.g4 Nf4 19.Qd2 Kh7 20.h5 g5 21.Qc2 Kg8 22.Nd2 b5 23.cxb5 axb5
24.axb5 Rb8 25.Nc4 Nc8 26.Kd2 Na7 27.b6 Nc8 28.Qb3 Qb7 29.Na4 Rd8 30.Ra1 Nxd5
31.exd5 Qxd5+ 32.Kc1 e4 33.Rd1 Qe6 34.Nxc5 Qxg4 35.b7 d5 36.Na6 Nd6 37.Nxd6 Rxb7
38.Nxb7 Rc8+ 39.Nac5 Qf3  1-0